Tilastot visalle Nisäkkäitä kuvien mukaan #3

Klikkaa tästä pelataksesi tätä visaa!

Yleistilastot

  • Tätä visaa on pelattu 519 kertaa
  • Keskiarvotulos 12 / 18

Vastaustilastot

Vastaus% Oikein
Ilves
98%
Koala
98%
Gorilla
97%
Hirvi
97%
Sarvikuono
97%
Haisunäätä
92%
Lumikko
82%
Naali
78%
Nelisormimangusti
77%
Kafferipuhveli
59%
Maaorava
57%
Vesisika
53%
Chinchilla
43%
Myskihärkä
40%
Tapiiri
33%
Nokkasiili
32%
Vompatti
30%
Muurahaiskäpy
26%

Tulosjakauma

Persentiili vastausten määrän mukaan

Jokaisen tuloksen saaneiden osuus

Tuloshistoriasi

Et ole pelannut tätä visaa